000 00324nam a22001457a 4500
008 210311b ||||| |||| 00| 0 eng d
020 _a0805398406
041 _aeng
080 _22nd
_a575
082 _a575
100 _a5
101 _aBIO
245 _aBiochemistry a Problems Approach
_cWood, W. B
942 _2udc
_cBK
999 _c56428
_d56428